MARC

LEADER 00000nam0a2200000 4500
001 60679
005 20231031061739.0
010 |a 5714004159 
035 |a (RuTPU)RU\TPU\book\64166 
035 |a RU\TPU\book\38329 
090 |a 60679 
100 |a 20040218d1993 m y0rusy50 ca 
101 0 |a rus 
102 |a RU 
105 |a с z 000za 
200 1 |a Великий Ланца  |f М. М. Магомаев 
210 |a Москва  |c Музыка  |d 1993 
215 |a 208 с.  |c портр. 
600 1 |a Магомаев  |b Муслим  |g Магометович 
610 1 |a музыка 
610 1 |a вокальная музыка 
610 1 |a мемуары 
675 |a 784  |v 3 
700 1 |a Магомаев  |b М. М.  |g Муслим Магометович 
801 2 |a RU  |b 63413507  |c 20091008  |g PSBO 
942 |c BK